Sahithyasarvasam (Record no. 20624)

MARC details
000 -LEADER
fixed length control field 00580nam a2200205Ia 4500
003 - CONTROL NUMBER IDENTIFIER
control field OSt
005 - DATE AND TIME OF LATEST TRANSACTION
control field 20260423154353.0
008 - FIXED-LENGTH DATA ELEMENTS--GENERAL INFORMATION
fixed length control field 211109s9999||||xx |||||||||||||| ||und||
040 ## - CATALOGING SOURCE
Transcribing agency SBCL
082 ## - DEWEY DECIMAL CLASSIFICATION NUMBER
Classification number 894.81201
Item number RAJ-S
100 ## - MAIN ENTRY--PERSONAL NAME
Personal name Rajarajavarmaraja, Vadkamkoor
245 #0 - TITLE STATEMENT
Title Sahithyasarvasam
260 ## - PUBLICATION, DISTRIBUTION, ETC.
Name of publisher, distributor, etc. Kamalalaya Book Depot
Place of publication, distribution, etc. Thiruvananthapuram
Date of publication, distribution, etc. 1954
300 ## - PHYSICAL DESCRIPTION
Extent 510p.
630 ## - SUBJECT ADDED ENTRY--UNIFORM TITLE
General subdivision Literature (Belles-lettres) and rhetoric
650 ## - SUBJECT ADDED ENTRY--TOPICAL TERM
Topical term or geographic name entry element Literatures of other languages
650 ## - SUBJECT ADDED ENTRY--TOPICAL TERM
Topical term or geographic name entry element Altaic, Uralic, Hyperborean & Dravidian
942 ## - ADDED ENTRY ELEMENTS (KOHA)
Koha item type BOOK
650 ## - SUBJECT ADDED ENTRY--TOPICAL TERM
General subdivision Malayalam
Holdings
Withdrawn status Lost status Source of classification or shelving scheme Damaged status Not for loan Collection code Home library Current library Date acquired Cost, normal purchase price Full call number Barcode Shelving location Date last seen Price effective from Koha item type
    Dewey Decimal Classification     General Collection SB LIBRARY SB LIBRARY 09/11/2021 100.00 894.81201 RAJ-S 00021337 GENERAL STACK 09/11/2021 09/11/2021 BOOK

Powered by Koha